| 000 | 00556nam a2200205 a 4500 | ||
|---|---|---|---|
| 005 | 20210219153232.0 | ||
| 008 | 991125n 000 0 spa u | ||
| 035 | _aUPN01000085006 | ||
| 100 | 1 | _aSaiz, Irma Elena | |
| 222 | _aEDUCACION MATEMATICA | ||
| 245 | _aLa ubicación espacial en los primeros años de escolaridad | ||
| 300 | _a71-87 | ||
| 362 | 0 | _a1998 Vol. 10, no. 2 | |
| 653 | 0 | _aAPRENDIZAJE | |
| 653 | 0 | _aINSTALACIONES EDUCATIVAS | |
| 653 | 0 | _aINTEGRACION ESCOLAR | |
| 653 | 0 | _aMATEMATICA | |
| 904 |
_aAC _b022817 |
||
| 905 | _aArticulo | ||
| 999 |
_c71642 _d71642 |
||